000 00165nam a22000857a 4500
082 _a823
100 _aUNKNOWN
245 _aFAMOUS TALES FROM ARABIAN NIGHTS
942 _cBK
999 _c8177
_d8177